000 00513nam a2200181Ia 4500
999 _c28779
_d28779
003 OSt
005 20201211115031.0
008 190216s9999||||xx |||||||||||||| ||und||
020 _a9788188801107
040 _coclc
082 _a894.812
_bKAR/B
100 _aKarassery, M N
_91986
245 0 _aBasheerinte Poonkavanam /
_cM N Karassery
260 _bLipi Publications,
_aKozhikode:
_c2005.
300 _a96p
650 _aSahithyam
942 _cBK
_2ddc
_h894.812
_iKAR/B
_k894.812
_mKAR/B